• 首页
  • 本馆介绍
  • 公告通知
  • 最新文献
  • 馆藏检索
  • 电子资源
  • 读者导购
  • 参考咨询
  • 我的图书馆
  • 登录
  • 详细信息显示
  • 放入我的书架
  • 预约/预借图书
  • 作者相关作品
  • 分类相关作品
  • 丛书相关作品
  • 出版社相关作品

书目信息

  • 表格格式
  • 工作单格式
  • 卡片格式
题名:
产业用纤维制品学
    
 
作者: 晏雄 主编
分册:  
出版信息: 北京   中国纺织出版社  2010
页数: 229页
开本: 26cm
丛书名:
单 册:
中图分类: TS102
科图分类:
主题词: 纺织纤维--材料科学--高等教育--教材 , 纺织纤维 , 材料科学
电子资源:
ISBN: 978-7-5064-6070-5
000 00891nam0 2200265 450
001 012015000316
005 20150911084049.73
010    @a978-7-5064-6070-5@dCNY39.00
100    @a20150620d2010 em y0chiy50 ea
101 0  @achi
102    @aCN@b110000
105    @ay z 000yy
106    @ar
200 1  @a产业用纤维制品学@Achan ye yong xian wei zhi pin xue@f晏雄主编
210    @a北京@c中国纺织出版社@d2010
215    @a229页@d26cm
300    @a普通高等教育“十一五”国家级规划教材(本科)
330    @a本书内容分为上篇和下篇。上篇介绍产业用纤维制品的基础知识,包括产业用纤维制品的定义、分类、特点等;下篇主要介绍产业用纤维制品近年来在各行各业的推广应用等。
606 0  @a纺织纤维@x材料科学@x高等教育@j教材
606 0  @a纺织纤维
606 0  @a材料科学
690    @aTS102@v5
701  0 @a晏雄@Ayan xiong@4主编
801  0 @aCN@b碧洲教育@c20150716
905    @a10447@f4@dTS102@e13
    
    产业用纤维制品学/晏雄主编.-北京:中国纺织出版社,2010
    229页;26cm
    普通高等教育“十一五”国家级规划教材(本科)
    
    ISBN 978-7-5064-6070-5:CNY39.00
    本书内容分为上篇和下篇。上篇介绍产业用纤维制品的基础知识,包括产业用纤维制品的定义、分类、特点等;下篇主要介绍产业用纤维制品近年来在各行各业的推广应用等。
●
相关链接 在E读中查询图书 在五车中查询图书 在当当中查询图书 在豆瓣中查询图书


正题名:产业用纤维制品学     索取号:TS102/13         预约/预借

序号 登录号 条形码 馆藏地/架位号 状态 备注
1 0849773   208497731   第二样本阅览室/ [索取号:TS102/13] 在馆    
2 0849774   208497740   第三借阅区/ [索取号:TS102/13] 在馆    
3 0849775   208497759   密集书库-化学系/ [索取号:TS102/13] 在馆    
4 0849776   208497768   第三借阅区/ [索取号:TS102/13] 在馆    
唐山师范学院图书馆 欢迎您!
大连网信软件有限公司© 版权所有